000 00511nam a2200181Ia 4500
008 100920s9999 xx 000 0 und d
082 _b14198
_a6 0
100 _aHENRY OMAS R.
245 _aTHE STRANGEST THINGS IN THE WORLD.
260 _bACE BOOKS, INC., New York.
_c0
300 _a223
_bसाधी
365 _b0
520 _aई.एल. एफ.
630 _aTHE STRANGEST THINGS IN THE WORLD.
650 _aई.एल. एफ.
730 _aTHE STRANGEST THINGS IN THE WORLD.
942 _cBOOK
999 _c678366
_d678363